Epochs in the life of Paul: (Record no. 5178)

000 -LEADER
fixed length control field 00680nam a2200205 a 4500
001 - CONTROL NUMBER
control field :::00002919$&:&@@
003 - CONTROL NUMBER IDENTIFIER
control field OkBaRHE
005 - DATE AND TIME OF LATEST TRANSACTION
control field 20100401122245.0
008 - FIXED-LENGTH DATA ELEMENTS--GENERAL INFORMATION
fixed length control field s1937 j 000 0 eng u
020 ## - INTERNATIONAL STANDARD BOOK NUMBER
International Standard Book Number 0805413480
040 ## - CATALOGING SOURCE
Transcribing agency
100 1# - MAIN ENTRY--PERSONAL NAME
Personal name Robertson, A. T., 1863-1934.
245 10 - TITLE STATEMENT
Title Epochs in the life of Paul:
Remainder of title a study of development in Paul's career.
260 ## - PUBLICATION, DISTRIBUTION, ETC. (IMPRINT)
Place of publication, distribution, etc New York, NY., :
Name of publisher, distributor, etc Charles Scribner's Sons
Date of publication, distribution, etc 1937
300 ## - PHYSICAL DESCRIPTION
Extent xi, 337 p. ;
Dimensions 20 cm.
490 0# - SERIES STATEMENT
Series statement A. T. Robertson library
650 ## - SUBJECT ADDED ENTRY--TOPICAL TERM
Topical term or geographic name as entry element Paul, Saint, Apostle
942 ## - ADDED ENTRY ELEMENTS (KOHA)
Source of classification or shelving scheme
Koha item type Books
Copies
Lost status Barcode Price effective from Withdrawn status Date acquired Date last seen Full call number Koha item type Not for loan Damaged status Copy number Shelving location Permanent Location Source of classification or shelving scheme
 29192010-04-14 2010-04-142018-03-16BS 2505 .R57 1937Books  1General StacksRHEMA Bible Training College